Of one mind : (Record no. 13298)
[ view plain ]
| 000 -LEADER | |
|---|---|
| fixed length control field | 01226cam a22002654a 4500 |
| 001 - CONTROL NUMBER | |
| control field | 12468060 |
| 003 - CONTROL NUMBER IDENTIFIER | |
| control field | OSt |
| 005 - DATE AND TIME OF LATEST TRANSACTION | |
| control field | 20160504160259.0 |
| 008 - FIXED-LENGTH DATA ELEMENTS--GENERAL INFORMATION | |
| fixed length control field | 010713s2002 nyu b 001 0 eng |
| 010 ## - LIBRARY OF CONGRESS CONTROL NUMBER | |
| LC control number | 2001044250 |
| 020 ## - INTERNATIONAL STANDARD BOOK NUMBER | |
| International Standard Book Number | 0393703827 |
| 040 ## - CATALOGING SOURCE | |
| Original cataloging agency | SEKU |
| 042 ## - AUTHENTICATION CODE | |
| Authentication code | pcc |
| 050 00 - LIBRARY OF CONGRESS CALL NUMBER | |
| Classification number | RC 495 |
| Item number | .F53 |
| 100 1# - MAIN ENTRY--PERSONAL NAME | |
| Personal name | Flemons, Douglas G. |
| 245 10 - TITLE STATEMENT | |
| Title | Of one mind : |
| Remainder of title | the logic of hypnosis, the practice of therapy / |
| Statement of responsibility, etc. | Douglas Flemons. |
| 260 ## - PUBLICATION, DISTRIBUTION, ETC. (IMPRINT) | |
| Place of publication, distribution, etc. | New York : |
| Name of publisher, distributor, etc. | Norton, |
| Date of publication, distribution, etc. | c2002. |
| 300 ## - PHYSICAL DESCRIPTION | |
| Extent | xviii, 278 p. ; |
| Dimensions | 22 cm. |
| 500 ## - GENERAL NOTE | |
| General note | "A Norton professional book." |
| 504 ## - BIBLIOGRAPHY, ETC. NOTE | |
| Bibliography, etc | Includes bibliographical references (p. 253-268) and index. |
| 505 8# - FORMATTED CONTENTS NOTE | |
| Formatted contents note | Machine generated contents note: Acknowledgments ix -- Preface xiii -- Introduction xv -- 1. Hypnosis, Concordance, and the Self 1 -- 2. Relational Freedom 27 -- 3. Your Relationship with Clients 41 -- 4. Your Clients' Relationship with You 91 -- 5. Your Clients' Relationship with Themselves 135 -- 6. Your Clients' Relationship with Their Problem 177 -- Glossary 249 -- Notes 253 -- References 265 -- Index 269. |
| 650 #0 - SUBJECT ADDED ENTRY--TOPICAL TERM | |
| Topical term or geographic name as entry element | Hypnotism |
| General subdivision | Therapeutic use. |
| 856 41 - ELECTRONIC LOCATION AND ACCESS | |
| Materials specified | Table of contents |
| Uniform Resource Identifier | <a href="http://www.loc.gov/catdir/toc/fy031/2001044250.html">http://www.loc.gov/catdir/toc/fy031/2001044250.html</a> |
| 942 ## - ADDED ENTRY ELEMENTS (KOHA) | |
| Source of classification or shelving scheme | Library of Congress Classification |
| Koha item type | General circulation |
| Withdrawn status | Lost status | Source of classification or shelving scheme | Damaged status | Not for loan | Home library | Current library | Shelving location | Date acquired | Source of acquisition | Total Checkouts | Full call number | Barcode | Date last seen | Price effective from | Koha item type | Public note |
|---|---|---|---|---|---|---|---|---|---|---|---|---|---|---|---|---|
| Library of Congress Classification | Main Campus Library | Main Campus Library | General Stacks | 04/05/2016 | Donation-Books for Africa | RC 495 .F53 | 2016/015704 | 04/05/2016 | 04/05/2016 | General circulation | res |